<?xml version="1.0" encoding="UTF-8"?>
<collection xmlns="http://www.loc.gov/MARC21/slim">
  <record>
    <leader>00000nam  2200000   4500</leader>
    <controlfield tag="001">INLIS000000000018685</controlfield>
    <controlfield tag="005">20241205093832</controlfield>
    <datafield tag="035" ind1="#" ind2="#">
      <subfield code="a">0010-1224000056</subfield>
    </datafield>
    <controlfield tag="007">ta</controlfield>
    <controlfield tag="008">241205################e##########0#ind##</controlfield>
    <datafield tag="020" ind1="#" ind2="#">
      <subfield code="a">979-518-005-3</subfield>
    </datafield>
    <datafield tag="082" ind1="#" ind2="#">
      <subfield code="a">613.2</subfield>
    </datafield>
    <datafield tag="084" ind1="#" ind2="#">
      <subfield code="a">613.2 KAR i</subfield>
    </datafield>
    <datafield tag="100" ind1=" " ind2="#">
      <subfield code="a">Kartasapoetra, G.</subfield>
    </datafield>
    <datafield tag="245" ind1="1" ind2="#">
      <subfield code="a">Ilmu Gizi :</subfield>
      <subfield code="b">korelasi gizi, kesehatan, dan produktivitas kerja /</subfield>
      <subfield code="c">G. Kartasapoetra, Marsetyo dan Med</subfield>
    </datafield>
    <datafield tag="260" ind1="#" ind2="#">
      <subfield code="a">Jakarta :</subfield>
      <subfield code="b">Rineka Cipta,</subfield>
      <subfield code="c">2005</subfield>
    </datafield>
    <datafield tag="300" ind1="#" ind2="#">
      <subfield code="a">ix, 123 hlm. :</subfield>
      <subfield code="b">ill. ;</subfield>
      <subfield code="c">21 cm</subfield>
    </datafield>
    <datafield tag="650" ind1="#" ind2="4">
      <subfield code="a">Ilmu Gizi</subfield>
    </datafield>
    <datafield tag="520" ind1="#" ind2="#">
      <subfield code="a">Tidak dapat dipungkiri bahwa setiap manusia,memerlukan dan menghendaki makanan yang bergizi,guna pertumbuhan dan perkembangan tubuh,kesehatan,kegairahan dan berbagai daya kegiatannya. Namun demikian secara jujur perlu kita akui,banyak di antara mereka yang mengabaikan,tidak menyukai,menganggap rendah,bahkan mentabukan bahan-bahan makanan yang mengandung zat-zat gizi tadi. Bahan makanan yang berkandunganzat-zat gizi banyak terdapat di Indonesia,namun tidak hanya merupakan bahan-bahan makanan yang harganya tinggi saja,melainkan harganya rendahpun,yang dapat terjangkau daya beli orang-orang yang berpenghasilan rendah,sangat banyak macamnya. Mungkin Ilmu Gizi masih kurang dihayati atau belum sepenuhnya merata dipahami oleh rakyat kita,terutama karena kurangnya penyuluhan-penyuluhan ini biasanya berkaitan dengan a.Kurangnya tenaga yang mendalami ilmu gizi yang akan terjun di tengah-tengah masyarakat. b. Kurangnya bahan-bahan pelajaran,bacaan mengenai ilmu gizi yang dapat digunakan,baik oleh mmereka yang sedang menekuni bidang ilmu ini maupun oleh mereka/umum yang berhasrat mengetahui dan mendalami pengetahuan ini untuk dipraktekkan di lingkungan keluarga atau lingkungan kerjanya guna menciptakan keluarga yang sehat atau para tenaga kerja yang tinggi daya kerjanya.</subfield>
    </datafield>
    <datafield tag="990" ind1="#" ind2="#">
      <subfield code="a">06039845</subfield>
    </datafield>
    <datafield tag="990" ind1="#" ind2="#">
      <subfield code="a">06039844</subfield>
    </datafield>
  </record>
</collection>
